000 00455cam a22001694a 4500
005 20250605164034.0
008 250528s ||||||||||||||||||||||||d
035 _a16736
040 _aGR-AtMCL
_bgre
_dGR-AtMCL
_eAACR2
245 1 _aΚλειστές Πόρτες / Διηγήματα
260 _bΕλληνικό Βιβλίο,
_c1990
300 _a120
700 1 _aΒέργης Άνθης
_92826
942 _cBK
999 _c2206
_d2206